Trapped / (Record no. 276518)
[ view plain ]
| 000 -LEADER | |
|---|---|
| fixed length control field | 02167nam a2200589 a 4500 |
| 001 - CONTROL NUMBER | |
| control field | ocn639167415 |
| 003 - CONTROL NUMBER IDENTIFIER | |
| control field | OCoLC |
| 005 - DATE AND TIME OF LATEST TRANSACTION | |
| control field | 20200320185545.0 |
| 008 - FIXED-LENGTH DATA ELEMENTS--GENERAL INFORMATION | |
| fixed length control field | 101001s2011 nyu d 000 1 eng |
| 010 ## - LIBRARY OF CONGRESS CONTROL NUMBER | |
| LC control number | 2010036595 |
| 020 ## - INTERNATIONAL STANDARD BOOK NUMBER | |
| International Standard Book Number | 9780545210126 (hardcover) |
| 020 ## - INTERNATIONAL STANDARD BOOK NUMBER | |
| International Standard Book Number | 0545210127 (hardcover) |
| 020 ## - INTERNATIONAL STANDARD BOOK NUMBER | |
| International Standard Book Number | 9780545210133 (pbk.) |
| 020 ## - INTERNATIONAL STANDARD BOOK NUMBER | |
| International Standard Book Number | 0545210135 (pbk.) |
| 029 1# - (OCLC) | |
| OCLC library identifier | NZ1 |
| System control number | 13526989 |
| 029 1# - (OCLC) | |
| OCLC library identifier | NLGGC |
| System control number | 333966163 |
| 029 1# - (OCLC) | |
| OCLC library identifier | AU@ |
| System control number | 000046116932 |
| 035 ## - SYSTEM CONTROL NUMBER | |
| System control number | (OCoLC)639167415 |
| 040 ## - CATALOGING SOURCE | |
| Original cataloging agency | DLC |
| Transcribing agency | DLC |
| Modifying agency | IG# |
| -- | BTCTA |
| -- | DPL |
| -- | ON8 |
| -- | EHH |
| -- | YDXCP |
| -- | IGP |
| -- | WACOL |
| 042 ## - AUTHENTICATION CODE | |
| Authentication code | lcac |
| 043 ## - GEOGRAPHIC AREA CODE | |
| Geographic area code | n-usn-- |
| 049 ## - LOCAL HOLDINGS (OCLC) | |
| Holding library | WACL |
| 050 00 - LIBRARY OF CONGRESS CALL NUMBER | |
| Classification number | PZ7.N8185 |
| Item number | Tr 2011 |
| 082 00 - DEWEY DECIMAL CLASSIFICATION NUMBER | |
| Classification number | [Fic] |
| Edition number | 22 |
| 092 ## - LOCALLY ASSIGNED DEWEY CALL NUMBER (OCLC) | |
| Classification number | young adult |
| Item number | Nor |
| 100 1# - MAIN ENTRY--PERSONAL NAME | |
| Personal name | Northrop, Michael. |
| 9 (RLIN) | 5867812 |
| 245 10 - TITLE STATEMENT | |
| Title | Trapped / |
| Statement of responsibility, etc | Michael Northrop. |
| 250 ## - EDITION STATEMENT | |
| Edition statement | 1st ed. |
| 260 ## - PUBLICATION, DISTRIBUTION, ETC. (IMPRINT) | |
| Place of publication, distribution, etc | New York : |
| Name of publisher, distributor, etc | Scholastic Press, |
| Date of publication, distribution, etc | 2011. |
| 300 ## - PHYSICAL DESCRIPTION | |
| Extent | 232 p. ; |
| Dimensions | 22 cm. |
| 520 ## - SUMMARY, ETC. | |
| Summary, etc | Seven high school students are stranded at their New England high school during a week-long blizzard that shuts down the power and heat, freezes the pipes, and leaves them wondering if they will survive. |
| 521 ## - TARGET AUDIENCE NOTE | |
| Target audience note | young adult |
| Source | amazon |
| 650 #1 - SUBJECT ADDED ENTRY--TOPICAL TERM | |
| Topical term or geographic name as entry element | Survival |
| Form subdivision | Fiction. |
| 9 (RLIN) | 5673621 |
| 650 #1 - SUBJECT ADDED ENTRY--TOPICAL TERM | |
| Topical term or geographic name as entry element | Blizzards |
| Form subdivision | Fiction. |
| 9 (RLIN) | 5685007 |
| 650 #1 - SUBJECT ADDED ENTRY--TOPICAL TERM | |
| Topical term or geographic name as entry element | Interpersonal relations |
| Form subdivision | Fiction. |
| 9 (RLIN) | 5673978 |
| 650 #1 - SUBJECT ADDED ENTRY--TOPICAL TERM | |
| Topical term or geographic name as entry element | High schools |
| Form subdivision | Fiction. |
| 9 (RLIN) | 5675716 |
| 650 #1 - SUBJECT ADDED ENTRY--TOPICAL TERM | |
| Topical term or geographic name as entry element | Schools |
| Form subdivision | Fiction. |
| 9 (RLIN) | 5673727 |
| 650 #1 - SUBJECT ADDED ENTRY--TOPICAL TERM | |
| Topical term or geographic name as entry element | Peer pressure |
| Form subdivision | Fiction. |
| 9 (RLIN) | 5867813 |
| 650 #0 - SUBJECT ADDED ENTRY--TOPICAL TERM | |
| Topical term or geographic name as entry element | Shipwreck survival |
| Form subdivision | Juvenile fiction. |
| 9 (RLIN) | 5732521 |
| 650 #0 - SUBJECT ADDED ENTRY--TOPICAL TERM | |
| Topical term or geographic name as entry element | Blizzards |
| Form subdivision | Juvenile fiction. |
| 9 (RLIN) | 5685006 |
| 650 #0 - SUBJECT ADDED ENTRY--TOPICAL TERM | |
| Topical term or geographic name as entry element | Interpersonal relations |
| Form subdivision | Juvenile fiction. |
| 9 (RLIN) | 5675981 |
| 650 #0 - SUBJECT ADDED ENTRY--TOPICAL TERM | |
| Topical term or geographic name as entry element | High schools |
| Form subdivision | Juvenile fiction. |
| 9 (RLIN) | 5675712 |
| 650 #0 - SUBJECT ADDED ENTRY--TOPICAL TERM | |
| Topical term or geographic name as entry element | Schools |
| Form subdivision | Juvenile fiction. |
| 9 (RLIN) | 5867814 |
| 650 #0 - SUBJECT ADDED ENTRY--TOPICAL TERM | |
| Topical term or geographic name as entry element | Peer pressure |
| Form subdivision | Juvenile fiction. |
| 9 (RLIN) | 5867815 |
| 938 ## - | |
| -- | Ingram |
| -- | INGR |
| -- | 9780545210126 |
| 938 ## - | |
| -- | Baker and Taylor |
| -- | BTCP |
| -- | BK0009033680 |
| 938 ## - | |
| -- | YBP Library Services |
| -- | YANK |
| -- | 5123525 |
| 942 ## - ADDED ENTRY ELEMENTS (KOHA) | |
| Koha item type | BOOK |
| 948 ## - LOCAL PROCESSING INFORMATION (OCLC); SERIES PART DESIGNATOR (RLIN) | |
| Series part designator, SPT (RLIN) | 11/18/2011 |
| z (OCLC) | Sirsi |
| 994 ## - | |
| -- | 02 |
| -- | WACOL |
| 996 ## - | |
| -- | 87260 |
| -- | 34301001039769 |
| -- | YA |
| -- | bk |
| -- | wcl |
| -- | i |
| -- | 27 |
| -- | 17.99 |
| -- | amazon |
| -- | Nor |
| -- | 11/19/2011 |
| -- | 06/03/2019 |
| -- | 05/11/2019 |
| Withdrawn status | Lost status | Source of classification or shelving scheme | Damaged status | Not for loan | Collection code | Home library | Current library | Shelving location | Date acquired | Source of acquisition | Cost, normal purchase price | Total Checkouts | Total Renewals | Full call number | Barcode | Checked out | Date last seen | Date checked out | Cost, replacement price | Price effective from | Koha item type |
|---|---|---|---|---|---|---|---|---|---|---|---|---|---|---|---|---|---|---|---|---|---|
| Dewey Decimal Classification | Young Adult Fiction | Wasatch County Library | Wasatch County Library | Main Floor Teen Area | 11/19/2011 | Amazon | 17.99 | 31 | 8 | YA Northrop | 34301001039769 | 03/16/2026 | 01/17/2026 | 01/17/2026 | 17.99 | 03/20/2020 | BOOK |
